1413 1065 1873 1907 1933 1959 1555 1434 1200 1228 1542 1427 1931 1950 1843 1912 1790 1408 1876 1612 1568 1375 1077 1174 1402 1555 1426 1605 1452 1843 1842 1550 1731 1294 1272 1414 1476 1963 1600 1832 1540 1947 1368 1322 1105 1114 1919 1577 1622 1256 1777 1734 1461 1806 1833 1062 1024 1338 1560 1212 1827 1611 1992 1395 1059 1507 1322 1088 1938 1843 1531 1143 1914 1948 1142 1137 1488 1715 1937 1091 1761 1832 1840 1865 1814 1547 1612 1901 1171 1999 1008 1283 1884 1976 1107 1816 1665 1951 1568 BCNSPRNW ULIB Ver.6.0+V

เปลี่ยนเป็นภาษาไทย

Change to English
 แสดงรายละเอียดบรรณานุกรม
  กลับหน้าหลัก

Brief Record : Get Marc (ISO 2709) : E-mail record : QR code < ปิดหน้าต่าง
LEADER : 00000nam 2200000uu 4500
001    13399123912
003     ULIB
008    141214s2557||||th 000 0 tha d
020    ^a9786163617439
060 04 ^aQW4^bจ483จ
100 0  ^aจินตนา อาจสันเที๊ยะ
245 10 ^aจุลชีววิทยาและภูมิคุ้มกันวิทยาสำหรับพยาบาล =^bMicrobiologyand immunology for nurses./^cจินตนา อาจสันเที๊ยะ
246 31 ^aMicrobiology and immunology for nurse
250    ^aพิมพ์ครั้งที่ 3
260    ^aกรุงเทพฯ :^bบางกอกบล๊อก,^c2557
300    ^a178 หน้า :^bภาพประกอบ ;^c30 ซม.
650  7 ^aจุลชีววิทยา^xพยาบาล
650  7 ^aภูมิคุ้มกันวิทยา^xพยาบาล
710 1  โครงการตำราวิทยาลัยเซนต์หลุยส์
945    ^p195^l0^i22601
945    ^p195^l0^i22602
945    ^p195^l0^i22603
945    ^p195^l0^i22604
995    ทศพร
999 ^a ใช้งานได้ทุกระบบ
รายการนี้ยังไม่มีแท็ก
คุณยังไม่ได้ล็อกอิน คุณสามารถมีกิจกรรมร่วมกับเว็บไซต์ได้ แต่ต้องล็อกอินก่อน ::
  ล็อกอิน

รายการสื่อสารสนเทศ

ลำดับที่ ประเภท เลขเรียก/บาร์โค้ด สถานที่ สถานะ
1. วิทยาศาสตร์การแพทย์ และสุขภาพ
วิทยาศาสตร์การแพทย์ และสุขภาพ
สถานะ=หนังสือเก่า
QW4 จ483จ ฉ.1 
  Barcode: 22601
ห้องสมุดวิทยาเขตนครสวรรค์
►ส่วนจัดเก็บหนังสือเก่า นว.
บนชั้น
  ขอยืม
2. วิทยาศาสตร์การแพทย์ และสุขภาพ
วิทยาศาสตร์การแพทย์ และสุขภาพ
สถานะ=หนังสือเก่า
QW4 จ483จ ฉ.2 
  Barcode: 22602
ห้องสมุดวิทยาเขตนครสวรรค์
►ส่วนจัดเก็บหนังสือเก่า นว.
บนชั้น
  ขอยืม
3. วิทยาศาสตร์การแพทย์ และสุขภาพ
วิทยาศาสตร์การแพทย์ และสุขภาพ
สถานะ=หนังสือเก่า
QW4 จ483จ ฉ.3 
  Barcode: 22603
ห้องสมุดวิทยาเขตนครสวรรค์
►ส่วนจัดเก็บหนังสือเก่า นว.
บนชั้น
  ขอยืม
4. วิทยาศาสตร์การแพทย์ และสุขภาพ
วิทยาศาสตร์การแพทย์ และสุขภาพ
สถานะ=หนังสือเก่า
QW4 จ483จ ฉ.4 
  Barcode: 22604
ห้องสมุดวิทยาเขตนครสวรรค์
►ส่วนจัดเก็บหนังสือเก่า นว.
บนชั้น
  ขอยืม

รายการใกล้เคียง
    ผู้แต่ง [จินตนา อาจสันเที๊ยะ]

BibComment


ยังไม่เคยถูกคอมเมนท์

คอมเมนท์ทรัพยากรรายการนี้
  คอมเมนท์: จุลชีววิทยาและภู..


 Copyright 2026. Bcnsprnw @Library